00539nam a22001457a 4500003000400000082001700004100002000021245013200041260004100173300000700214650001500221942001200236952012800248999001700376SGT a617.84bI21P aPANCHAL, SHWETA aImpact Of Plyometric Intensity And Volume On Physical Performance Parameters In Athletes A Systematic Review And Meta- Analysis aSGT UNIVERSITYbSGT UNIVERSITYc2021 a46 aMPT THESIS 2ddccTH 00102ddc40718MEDICALaFMbFMcREFd2024-05-24eMPT SCHOLARl0o617.84 I21PpDT1322r2024-05-24 00:00:00w2024-05-24yTH c26371d26371